Soft Condensed Matter (Record no. 6551)

MARC details
000 -LEADER
fixed length control field 00504nam a2200205Ia 4500
008 - FIXED-LENGTH DATA ELEMENTS--GENERAL INFORMATION
fixed length control field 130729s9999 xx 000 0 und d
020 ## - INTERNATIONAL STANDARD BOOK NUMBER
International Standard Book Number 198505906
072 ## - SUBJECT CATEGORY CODE
Subject category code Condensed Matter(States Of Matter)
082 ## - DEWEY DECIMAL CLASSIFICATION NUMBER
Classification number 530.4
082 ## - DEWEY DECIMAL CLASSIFICATION NUMBER
Item number J731
100 ## - MAIN ENTRY--PERSONAL NAME
Personal name Jones,Richard A.L.
9 (RLIN) 757
245 ## - TITLE STATEMENT
Title Soft Condensed Matter
245 ## - TITLE STATEMENT
Statement of responsibility, etc Jones,Richard A.L.
260 ## - PUBLICATION, DISTRIBUTION, ETC. (IMPRINT)
Place of publication, distribution, etc New York
260 ## - PUBLICATION, DISTRIBUTION, ETC. (IMPRINT)
Name of publisher, distributor, etc Oxford
260 ## - PUBLICATION, DISTRIBUTION, ETC. (IMPRINT)
Date of publication, distribution, etc 2003
300 ## - PHYSICAL DESCRIPTION
Extent 177
300 ## - PHYSICAL DESCRIPTION
Type of unit Illustration,index,reference & tables
942 ## - ADDED ENTRY ELEMENTS (KOHA)
Item type Book

No items available.